Government finance : national, state, and local

Bibliographic Details
Main Author: Gardner, Wayland D. (Author)
Format: Book
Language:English
Published: Englewood Cliffs, N.J : Prentice-Hall 1978
Subjects:

MARC

LEADER 00000cam a2200000 7i4500
001 0000000144
005 20240919.0
008 240823 njua a eng
020 |a 0133607437 (hbk) 
040 |a INS   |b eng   |e rda 
090 0 0 |a RHJ257.2   |b .G37 1978 
100 1 |a Gardner, Wayland D. ,   |e author 
245 1 0 |a Government finance :   |b national, state, and local   |c Wayland D. Gardner 
264 1 |a Englewood Cliffs, N.J :   |b Prentice-Hall   |c 1978 
264 4 |c ©1978 
300 |a xvii, 438 pages :   |b illustrations ;   |c 24 cm. 
336 |a text  |2 rdacontent 
337 |a unmediated  |2 rdamedia 
338 |a volume  |2 rdacarrier 
500 |a Includes index 
650 0 |a Finance, Pulbic   |z United States 
650 0 |a Local finance   |z United States 
999 |a 0000000222   |b BOOK   |c Red Spot   |e Default branch